000 00350nam a2200133Ia 4500
008 151001s9999||||xx |||||||||||||| ||und||
100 _aगुरवंतराय आचार्य
245 _aसम्राट
250 _a1
260 _bअरुण प्रकाशन
260 _c2001
300 _a215
365 _b21
999 _c978935
_d978932